Abigail take the wheel / (Record no. 7226)

MARC details
000 -LEADER
fixed length control field 01031nam a22003017a 4500
001 - CONTROL NUMBER
control field 7226
003 - CONTROL NUMBER IDENTIFIER
control field FISKH
005 - DATE AND TIME OF LATEST TRANSACTION
control field 20250703095454.0
008 - FIXED-LENGTH DATA ELEMENTS--GENERAL INFORMATION
fixed length control field 250703b cb ||||| |||| 00| 0 eng d
020 ## - INTERNATIONAL STANDARD BOOK NUMBER
International Standard Book Number 9780064442817
040 ## - CATALOGING SOURCE
Original cataloging agency FISKH
Language of cataloging eng
Transcribing agency FISKH
Modifying agency FISKH
050 ## - LIBRARY OF CONGRESS CALL NUMBER
Classification number PZ7.A953 A
082 ## - DEWEY DECIMAL CLASSIFICATION NUMBER
Classification number 165
100 ## - MAIN ENTRY--PERSONAL NAME
Personal name Avi
Dates associated with a name (1937-)
245 ## - TITLE STATEMENT
Title Abigail take the wheel /
Statement of responsibility, etc. Story by Avi ; Pictures by Don Bolognese /
250 ## - EDITION STATEMENT
Edition statement This edition first published in 2000
260 ## - PUBLICATION, DISTRIBUTION, ETC.
Place of publication, distribution, etc. New York :
Name of publisher, distributor, etc. HarperTrophy,
Date of publication, distribution, etc. 1999
300 ## - PHYSICAL DESCRIPTION
Extent 56 pages :
Other physical details color illustrations ;
Dimensions 23 cm
505 ## - FORMATTED CONTENTS NOTE
Formatted contents note N<br/>
520 ## - SUMMARY, ETC.
Summary, etc. When the first mate of the freight boat Neptune falls ill, it is up to Abigail, the captain's daughter, to steer the ship up the Hudson River from New Jersey to New York City.<br/>
521 8# - TARGET AUDIENCE NOTE
Target audience note 560<br/>
Source Lexile<br/>
521 8# - TARGET AUDIENCE NOTE
Target audience note N<br/>
Source Raz-Plus<br/>
650 ## - SUBJECT ADDED ENTRY--TOPICAL TERM
Source of heading or term Early reader
Topical term or geographic name entry element Sailing
650 ## - SUBJECT ADDED ENTRY--TOPICAL TERM
Source of heading or term Honey for a Child's Heart
Topical term or geographic name entry element Wormy's collection
700 ## - ADDED ENTRY--PERSONAL NAME
Personal name Bolognese, Don
Dates associated with a name illustrator
942 ## - ADDED ENTRY ELEMENTS (KOHA)
Source of classification or shelving scheme Dewey Decimal Classification
Koha item type Books
Suppress in OPAC No
Holdings
Withdrawn status Lost status Source of classification or shelving scheme Damaged status Not for loan Collection Home library Current library Shelving location Date acquired Total Checkouts Full call number Barcode Date last seen Copy number Price effective from Koha item type
    Dewey Decimal Classification     Juvenile Fiction Footprints International School Library Network Toul Tom Poung Campus Footprints International School Library Network Toul Tom Poung Campus TTP Primary Yellow Bookshelves 07/03/2025   AVI 165 PZ7.A953 A 2025-1740 07/03/2025 1 07/03/2025 Books